| 000 | 00848nas a2200277 4500 | ||
|---|---|---|---|
| 001 | BR0502289 | ||
| 003 | BR-BrBNA | ||
| 005 | 20231205105322.0 | ||
| 007 | ta | ||
| 008 | 230509b bl.|||p| |||| 00| 00por d | ||
| 040 |
_aBR-BrBNA _bpor _cBiblioteca Nacional de Agricultura |
||
| 041 | _a(Pt) | ||
| 072 | _aF02 | ||
| 100 | 1 | _aKitamura, M.C. | |
| 100 | 1 | _aRamos, J.D. | |
| 100 | 1 | _aLemos, E.E.P. de | |
| 245 | 1 | _aAvaliação de tipos de enxertia e recipientes para produção de mudas de gravioleira (Annona muricata L.) | |
| 650 | _aANNONA MURICATA | ||
| 650 | _aGRAVIOLA | ||
| 650 | _aENXERTO | ||
| 650 | _aMUDA | ||
| 650 | _aPROPAGAÇÃO VEGETATIVA | ||
| 773 | 0 |
_tCiência e Agrotecnologia (Brazil) _xISSN 1413-7054 _g(Jan-Feb 2004), v. 28(1) p. 24-33 _wBR0502289 |
|
| 909 |
_a202311 _bLúcia _c55 _dLúcia Elande |
||
| 942 |
_2AGRIS _n0 _cANA |
||
| 999 |
_c182333 _d182333 |
||